Letadélka : papírové modely : 50 klasických i originálních návodů /

Main Author: Mackey, Dean
Language: Czech
Published: Čestlice : Rebo, 2010
Edition: 1. vyd.
Subjects:
Physical Description: vi, 162 s. : barev. il. ; 29 cm + [12] barev. papírů na skládání
Book
Saved in:
LEADER 01594nam a2200457 a 4500
001 nkc20102145510
003 CZ PrNK
005 20110511120414.0
007 ta
008 101116s2010 xr a g f 000 0 cze
015 |a cnb002145510 
020 |a 978-80-255-0255-6  |q (kroužková vazba) 
035 |a (OCoLC)697266815 
040 |a ABA001  |b cze  |d BOA001 
041 1 |a cze  |h eng 
072 7 |a 74  |x Kresba. Umělecká řemesla  |2 Konspekt  |9 21 
080 |a 745.54  |2 MRF 
080 |a 629.734/.735  |2 MRF 
080 |a (086.48)  |2 MRF 
080 |a (035)  |2 MRF 
100 1 |a Mackey, Dean  |7 jx20101116006  |4 aut 
245 1 0 |a Letadélka :  |b papírové modely : 50 klasických i originálních návodů /  |c [text Dean Mackey ; z anglického originálu ... přeložil Ondřej Cibulka] 
250 |a 1. vyd. 
260 |a Čestlice :  |b Rebo,  |c 2010 
300 |a vi, 162 s. :  |b barev. il. ;  |c 29 cm +  |e [12] barev. papírů na skládání 
500 |a Název z obálky 
500 |a Na obálce uvedeno: OrigamiWorld 
650 0 7 |a skládanky z papíru  |7 ph116155  |2 czenas 
650 0 7 |a letadla  |7 ph115124  |2 czenas 
650 0 9 |a paper folding  |2 eczenas 
650 0 9 |a airplanes  |2 eczenas 
655 7 |a papírové modely  |7 fd132991  |2 czenas 
655 7 |a příručky  |7 fd133209  |2 czenas 
655 9 |a paper models  |2 eczenas 
655 9 |a handbooks and manuals  |2 eczenas 
765 0 |t Paper planes  |9 Česky 
910 2 |a BOA001  |b 4-1252.189 
990 |a BK 
995 |a 01 
991 |b 201012  |c NOV  |e n 
996 6 |b 2610453030  |c 4-1252.189  |l MZK  |r Sklad / do 1 hodiny  |n 1  |p p.v.  |w 001155431  |u 000010  |a 1  |e BOA001  |j MZK50  |s P